O.P. Malhotra's the law of industrial disputes / (Record no. 97599)
[ view plain ]
| 000 -LEADER | |
|---|---|
| fixed length control field | 00758nam a22002177a 4500 |
| 005 - DATE AND TIME OF LATEST TRANSACTION | |
| control field | 20151201122401.0 |
| 010 ## - LCCN (DPL NO) | |
| LC control number | ENG-114191-192 |
| 020 ## - INTERNATIONAL STANDARD BOOK NUMBER | |
| International Standard Book Number | 9789351435518 (set of 2 vols.) |
| Terms of availability | 3995.00 (set price) |
| 035 ## - SYSTEM CONTROL NUMBER | |
| System control number | EN-97723-724 |
| 037 ## - SOURCE OF ACQUISITION | |
| Source of stock number/acquisition | DBAD/PUB |
| 082 ## - DEWEY DECIMAL CLASSIFICATION NUMBER | |
| Classification number | 343.5407 |
| 100 ## - MAIN ENTRY--PERSONAL NAME | |
| Personal name | Rao, E.M. |
| 245 ## - TITLE STATEMENT | |
| Title | O.P. Malhotra's the law of industrial disputes / |
| Statement of responsibility, etc | by E.M. Rao |
| 250 ## - EDITION STATEMENT | |
| Edition statement | 7th ed |
| 260 ## - PUBLICATION, DISTRIBUTION, ETC. (IMPRINT) | |
| Place of publication, distribution, etc | Gurgaon |
| Name of publisher, distributor, etc | LexisNexis |
| Date of publication, distribution, etc | 2015 |
| 270 ## - ADDRESS | |
| Address | 14th Floor, Building No 10, Tower- B, DLF Cyber City , Phase-II, |
| City | Gurgaon |
| Postal code | 122002 |
| 300 ## - PHYSICAL DESCRIPTION | |
| Extent | 2V.(cxcviii,964,43p.; ccvi,965-2024,43p.) |
| Dimensions | 25cm(Hb) |
| 500 ## - GENERAL NOTE | |
| General note | Includes index |
| 505 ## - FORMATTED CONTENTS NOTE | |
| Formatted contents note | v.1-Sections 1 to 11; v.2-Sections 11A to schedule 5 |
| 942 ## - ADDED ENTRY ELEMENTS (KOHA) | |
| Source of classification or shelving scheme | Dewey Decimal Classification |
| Item type | English Books |
| Call number suffix | RAO |
| Classification part | 343.5407 |
| Withdrawn status | Lost status | Materials specified (bound volume or other part) | Not for loan | Collection code | Home library | Current library | Date acquired | Source of acquisition | Cost, normal purchase price | Full call number | Barcode | Copy number | Cost, replacement price | Koha item type |
|---|---|---|---|---|---|---|---|---|---|---|---|---|---|---|
| v.1 | Not For Loan | Non-fiction | D.B.Act.Division | D.B.Act.Division | 30/09/2015 | DBAD/PUB | 3995.00 | 343.5407 RAO | EN-97723 | 1 | 3995.00 | English Books | ||
| v.2 | Not For Loan | Non-fiction | D.B.Act.Division | D.B.Act.Division | 30/09/2015 | DBAD/PUB | 3995.00 | 343.5407 RAO | EN-97724 | 1 | 3995.00 | English Books |
